| 000 | 00776cam a22002412 4500 | ||
|---|---|---|---|
| 001 | 0000018900 | ||
| 005 | 20151217152139.0 | ||
| 008 | 100812s xx 000 0 eng d | ||
| 020 | _a9976911335 | ||
| 040 |
_aKABU _cKABU |
||
| 100 | 1 |
_aMassamba, D. P. B. _@0000178366 |
|
| 245 | 1 | 0 |
_aSarufi maumbo ya Kiswahili sanifu ( SAMAKISA) : _bsekondari na vyuo / _c D. P. B. Massamba, Y. M. Kihore, J. I. Hokororo. |
| 250 | _a1st ed. | ||
| 260 |
_aDar es Salaam : _bTUKI, _c1999. |
||
| 300 | _axvi, 209 p. | ||
| 650 | 0 |
_aSwahili language _xGrammar. _@0000178365 |
|
| 700 | 1 |
_aKihore, Y. M. _@0000178364 |
|
| 700 | 1 |
_aHokororo, J. I. _@0000178368 |
|
| 852 | 1 | _9p499 KES | |
| 908 | _a100812 | ||
| 950 | _@1 | ||
| 999 |
_c8704 _d8704 |
||